Ratzinger's faith : (Record no. 8585)

MARC details
000 -LEADER
fixed length control field 00693nam a22002172 4500
001 - CONTROL NUMBER
control field 0000018533
005 - DATE AND TIME OF LATEST TRANSACTION
control field 20151217152129.0
008 - FIXED-LENGTH DATA ELEMENTS--GENERAL INFORMATION
fixed length control field 100208s xx 000 0 eng d
020 ## - INTERNATIONAL STANDARD BOOK NUMBER
International Standard Book Number 0199570348 :
040 ## - CATALOGING SOURCE
Original cataloging agency KABU
Transcribing agency KABU
100 1# - MAIN ENTRY--PERSONAL NAME
Personal name Rowland, Tracey.
-- 0000177839
245 10 - TITLE STATEMENT
Title Ratzinger's faith :
Remainder of title the theology of Pope Benedict XVI /
Statement of responsibility, etc. Tracey Rowland.
250 ## - EDITION STATEMENT
Edition statement 1st ed.
260 ## - PUBLICATION, DISTRIBUTION, ETC. (IMPRINT)
Place of publication, distribution, etc. Oxford :
Name of publisher, distributor, etc. O. U. P.,
Date of publication, distribution, etc. 2009.
300 ## - PHYSICAL DESCRIPTION
Extent xiii, 214 p.
600 10 - SUBJECT ADDED ENTRY--PERSONAL NAME
Personal name Benedict XVI, Pope,
Dates associated with a name 1927 -.
-- 0000177840
610 20 - SUBJECT ADDED ENTRY--CORPORATE NAME
Corporate name or jurisdiction name as entry element Catholic Church
General subdivision Doctrines
-- History.
Chronological subdivision 20th Century.
-- 0000168170
852 1# - LOCATION
-- p1168 KSH
908 ## - PUT COMMAND PARAMETER (RLIN)
Put command parameter 100208
950 ## - LOCAL HOLDINGS (RLIN)
-- 1
Holdings
Withdrawn status Lost status Source of classification or shelving scheme Not for loan Home library Current library Date acquired Total Checkouts Full call number Barcode Date last seen Price effective from Koha item type
    Library of Congress Classification   Kabarak, Main Campus Kabarak, Main Campus 17/12/2015   BX1378.6 .R69 2009 18446 17/12/2015 17/12/2015 General Collection
Designed with assistance from East African Informatics Ltd